Littérature par lettre - E - Statistiques

Statistiques générales
  • Ce quiz a été pris 166 fois
  • Le résultat moyen est 6 sur 14
Statistiques - réponses
Questions Réponses % Correct
Quel ouvrage publié par Diderot est paru pour la première fois en 1751 ? Encyclopédie
90%
Quel écrivain italien a écrit "Le Nom de la rose" ? Umberto Eco
75%
Quelle figure de style vise a dénombrer divers éléments à la suite, afin d'appuyer une idée ? Enumération
63%
Quel roman philosophique est publié par Jean-Jacques Rousseau en 1762 : "____ ou de l'Education" ? Emile
58%
Quelle figure de style vise à atténuer une situation (ex : il est parti (mort)) ? Euphémisme
56%
Quelle pièce de théâtre est la plus connue de Samuel Beckett ? En Attendant Godot
53%
Quel poète français surréaliste a dit "La Terre est bleue comme une orange" ? Paul Eluard
53%
Quelle femme de lettre française a remporté le Prix Nobel de Littérature en 2022, et a notamment écrit "Les Années" ou "L'Occupation" ? Annie Ernaux
50%
Quel roman d'apprentissage de Gustave Flaubert a pour morale le fait que l'amour ne se prête à aucun apprentissage ? Education Sentimentale
47%
Quel écrivain et philosophe a écrit "Le Capital" aux côtés de Karl Marx ? Friedrich Engels
36%
Quel roman de Laurent Gaudé (dont le nom rappelle un lieu mythique d'Amérique du Sud), a été écrit après qu'il ait remporté le Prix Goncourt en 2004 avec "Le Soleil des Scorta" ? Eldorado
33%
Quel roman de Christopher Paolini est le premier du cycle "L'Héritage" ? Eragon
11%
Quelle figure de style est une figure de pensée qui consiste à revenir sur ce que l'on vient d'affirmer, pour le réaffirmer ? Epanorthose
3%
Quel écrivain français a remporté le Prix Goncourt en 1999 pour le livre "Je m'en vais" ? Jean Echenoz
3%
Aucun quiz correspondant
Distribution des résultats
% des personnes avec chaque résultat
Percentile par nombre de réponses
Votre historique - résultats
Vous n’avez pas pris ce quiz